000 01226nam a22003497a 4500
003 CHAP
005 20220329135445.0
008 971013s1985 r 00010 d
010 _a36802
011 _a37774
035 _a41894
040 _cCHAP
090 _aTesis
100 0 0 _aOrtiz López, Ildefonso Carlos.
_983998
245 _aEfecto de la carga animal sobre la producción de carne con novillos en pastoreo de Bermuda cruza uno (Cynodon dactylon x C1 niemfluencis)
260 _aChapingo, Méx. :
_bEl autor,
_c1985
300 _a22 h.
502 _aTesis (Ing. Agr. Esp. en Zootecnia) -- UACH. Departamento de Zootecnia
590 _aALEPH
_b10
_c20130110
_lUCH01
_h1302
590 _aBATCH-UPD
_b10
_c20130110
_lUCH01
_h1349
590 _aBATCH-UPD
_b10
_c20130410
_lUCH01
_h0846
590 _aBATCH-UPD
_b10
_c20130914
_lUCH01
_h0957
590 _aCONVERSION
_b10
_c20130109
_lUCH01
_h1321
650 1 4 _aCoeficiente de agostadero.
_924319
650 1 4 _aCynodon dactylon.
_930800
650 1 4 _aGanado de carne
_xProducción.
_945104
650 1 4 _aGanado vacuno
_xPastoreo.
_945502
650 1 4 _aGanado vacuno
_xPeso.
_945504
901 _aBK
942 _cTESIS
949 _bBC
_cTES
_d-96325
_eTS1
_h18027
_i41894
_si
999 _c36802
_d36802